how to train your dragon book 6 (Record no. 8394)
[ view plain ]
| 000 -LEADER | |
|---|---|
| fixed length control field | 00900nam a22001937a 4500 |
| 003 - CONTROL NUMBER IDENTIFIER | |
| control field | OSt |
| 005 - DATE AND TIME OF LATEST TRANSACTION | |
| control field | 20260213024203.0 |
| 008 - FIXED-LENGTH DATA ELEMENTS--GENERAL INFORMATION | |
| fixed length control field | 260213b |||||||| |||| 00| 0 eng d |
| 040 ## - CATALOGING SOURCE | |
| Original cataloging agency | DWCL GS library |
| Transcribing agency | OC |
| 082 ## - DEWEY DECIMAL CLASSIFICATION NUMBER | |
| Classification number | Fic. C874h 2007 |
| 100 ## - MAIN ENTRY--PERSONAL NAME | |
| Personal name | Cowell, Cressida |
| 245 ## - TITLE STATEMENT | |
| Title | how to train your dragon book 6 |
| Remainder of title | : a hero's guide to deadly dragons |
| Statement of responsibility, etc. | Cressida Cowell |
| 260 ## - PUBLICATION, DISTRIBUTION, ETC. | |
| Place of publication, distribution, etc. | New York |
| Name of publisher, distributor, etc. | Hachette Book Group |
| Date of publication, distribution, etc. | c2007 |
| 300 ## - PHYSICAL DESCRIPTION | |
| Extent | 175 |
| Other physical details | illustrations |
| Dimensions | 20cm |
| 520 ## - SUMMARY, ETC. | |
| Summary, etc. | Hiccup faces his birthday with impending doom after Toothless eats a vital, sacred book, leading to potential banishment. To save his dragon, Hiccup must break into the Meathead Public Library to steal another copy, facing the Hairy Scary Librarian, 400 warriors, and Driller-Dragons. |
| 546 ## - LANGUAGE NOTE | |
| Language note | English |
| 700 ## - ADDED ENTRY--PERSONAL NAME | |
| Personal name | Cressida Cowell |
| 942 ## - ADDED ENTRY ELEMENTS (KOHA) | |
| Source of classification or shelving scheme | Dewey Decimal Classification |
| Koha item type | Fiction |
| Classification part | Fic. C874h 2007 |
| Suppress in OPAC | No |
| 952 ## - LOCATION AND ITEM INFORMATION (KOHA) | |
| -- | |
| 952 ## - LOCATION AND ITEM INFORMATION (KOHA) | |
| -- | |
| Withdrawn status | Lost status | Source of classification or shelving scheme | Damaged status | Not for loan | Home library | Current library | Shelving location | Date acquired | Total Checkouts | Full call number | Barcode | Date last seen | Price effective from | Koha item type | Uniform Resource Identifier | Source of acquisition |
|---|---|---|---|---|---|---|---|---|---|---|---|---|---|---|---|---|
| Dewey Decimal Classification | Grade School Library | Grade School Library | Fiction | 02/13/2026 | Fic. C874h 2007 | 20985 | 02/13/2026 | 02/13/2026 | FIC. | |||||||
| Dewey Decimal Classification | Grade School Library | Grade School Library | Fiction | 02/13/2026 | Fic. C874h 2007 | 20926 | 02/13/2026 | 02/13/2026 | FIC. | School Fund, Donation |